header

Journey into dialogic pedagogy (Record no. 65877)

MARC details
000 -LEADER
fixed length control field 01267nam a2200337Ia 4500
082 04 - DEWEY DECIMAL CLASSIFICATION NUMBER
Classification number 371.3/7
100 1# - MAIN ENTRY--AUTHOR NAME
Personal name Matusov, Eugene.
245 10 - TITLE STATEMENT
Title Journey into dialogic pedagogy
260 ## - PUBLICATION, DISTRIBUTION, ETC. (IMPRINT)
Place of publication Hauppauge, NY :
Name of publisher Nova Science Publishers,
Year of publication c2009.
300 ## - PHYSICAL DESCRIPTION
Number of Pages vi, 483 p. :
Other physical details ill.
650 #0 - SUBJECT ADDED ENTRY--TOPICAL TERM
Topical Term Questioning.
Topical Term Interaction analysis in education.
Topical Term Communication in education.
Topical Term Education
856 40 - ELECTRONIC LOCATION AND ACCESS
Uniform Resource Identifier http://site.ebrary.com/lib/rucke/Doc?id=10661648

No items available.

© 2026 Rongo University
Contact us: librarian | system librarian | Rongo university